000
00343nam a22001457a 4500
005
20241220170818.0
008
241220b |||||||| |||| 00| 0 eng d
020
_a
9780143447429
041
_a
English
082
_b
1
100
_a
Gripper,Ali
245
_a
The Barefoot Surgeon
260
_a
India
_b
Penguin Random house
_c
2019
942
_c
BK
999
_c
43173
_d
43173